000 00698nam a22001577a 4500
020 _a978-0-141-33567-4
082 _a823
_bRIO/K
100 _aRIORDAN,RICK
245 _aTHE KANE CHRONICALS-THE THRONE OF FIRE
246 _aTHE KANE CHRONICALS-THE THRONE OF FIRE
_bTHE KANE CHRONICALS-THE THRONE OF FIRE
260 _aU K
_bPENGUIN
_c2011
300 _a450
520 _aIt is the second novel in The Kane Chronicles series, which tells of the adventures of modern-day fourteen-year-old Carter Kane and his twelve-year-old sister - Sadie Kane, as they discover that they are descended from the ancient Egyptian pharaohs Narmer and Ramesses the Great
650 _a ADVENTUROUS STORY
942 _cBK
999 _c8124
_d8124